000 00908cab a2200289 4500
001 ABS54989
008 090401t1996 xxu||||| |||| 00| 0 eng d
035 _a(Sirsi) u13500
041 _aeng
100 _aWilson, J.D.
245 _aCAD/GIS convergence
260 _c1996
350 _a0
490 _aGIS World
_v9(5) May 1996, 36-39(4)
520 _aLooks at CAD-related mapping and geographic software products, listing common features and summarising four market leader products: Autodesk, Bentley systems, ESRI and Intergraph.
650 _aAUTODESK
650 _aBENTLEY SYSTEMS
650 _aCOMPUTER AIDED DESIGN
650 _aENVIRONMENTAL SYSTEMS RESEARCH INSTITUTE
650 _aGIS
650 _aINTERGRAPH
650 _aSOFTWARE
690 _aMANAGEMENT-BUSINESS MANAGEMENT-INFORMATION MANAGEMENT
690 _aMAPPING AND MEASUREMENT
942 _n0
948 _c04/03/1997
999 _c8699
_d8699